000 00529 a2200181 4500
003 OSt
005 20260324143802.0
008 240207b |||||||| |||| 00| 0 eng d
020 _a9789390339839
040 _coclc
082 _a889.33
_bKAZ/K
100 _aKazantzakis, Nikos
_96143
245 _aKristhudevante Anthyapralobhanam /
_c Nikos Kazantzakis
250 _a1st ed.
260 _aKozhikode:
_bOlive Publications,
_c2021.
300 _a584p.
942 _2ddc
_cBK
_h889.33
_iKAZ/K
_k889.33
_mKAZ/K
999 _c44334
_d44334